| 000 | 00349nam a2200133Ia 4500 | ||
|---|---|---|---|
| 008 | 240624s9999 xx 000 0 und d | ||
| 041 | _aeng | ||
| 082 | _a006.312 ROI | ||
| 100 | _aROIGER RICHARD J | ||
| 245 | _aDATA MINING A TUTORIAL BASED PRIMER | ||
| 260 |
_c2007 _aNew Delhi _bPearson Education |
||
| 300 | _a374 : p. : cm. ; 24 | ||
| 365 |
_cRS _b36 |
||
| 999 |
_c5640 _d5640 |
||